| 000 | 00781nam a2200229Ia 4500 | ||
|---|---|---|---|
| 001 | 50569 | ||
| 005 | 20230411090003.0 | ||
| 008 | 071227s1998 enk b 001 0 eng | ||
| 035 | _a(OCoLC)ocn185039443 | ||
| 040 |
_aDRFGD _cDRFGD |
||
| 035 | _a(OCoLC)185039443 | ||
| 049 | _aGRAL | ||
| 100 | 1 |
_aWiecek, William M. _q(William Michael), _d1938- |
|
| 245 | 1 | 4 |
_aThe lost world of classical legal thought : _blaw and ideology in America, 1886-1937 / _cWilliam M. Wiecek. |
| 260 |
_aOxford : _bOxford University Press, _c1998 |
||
| 300 |
_aviii, 286 p. ; _c23 cm. |
||
| 504 | _aIncludes bibliographical references and index. | ||
| 650 | 0 |
_aLaw _zUnited States _xPhilosophy _xHistory. |
|
| 650 | 0 |
_aJurisprudence _zUnited States _xHistory. |
|
| 942 |
_2lcc _cbk |
||
| 994 |
_aC0 _bDRFGD |
||
| 999 |
_c110468 _d110468 |
||